000 00818ngm a22003130a 4500
001 PT37403
003 AR-LpoUNG
005 20210201232328.0
007 co ||u|||uuuuu
008 191001s1997||||xxu|||||||||||||||||eng d
020 _a089871401X
_c$20.55
040 _aAR-LpoUNG
_bspa
_cAR-LpoUNG
_eaacr
041 _aeng
044 _axxu
082 0 _a005.3 628sca
100 1 _aBlackford, L. S.
245 1 0 _aScalapack users' guide
250 _a1ra. ed.
260 _aPhiladelphia :
_bSociety for Industrial and Applied mathematics,
_c1997.
650 4 _aCOMPUTACION
650 4 _aCOMPUTADORAS
650 4 _aPROGRAMAS DE COMPUTACION
651 4 _aDOCUMENTOS TEORICOS O METODOLOGICOS
653 _aSOFTWARE
700 1 _aChoi, J.
700 1 _aD'Azevedo, E.
905 _a37403
942 _cCDDVD
999 _c53362
_d53362